Statistics for Countries that start with T

Click here to take the quiz!

General Stats

  • This quiz has been taken 10 times
  • The average score is 10 of 11

Answer Stats

Answer% Correct
Togo
100%
Tonga
100%
Tunisia
100%
Turkey
100%
Turkmenistán
100%
Tajikistan
86%
Tanzania
86%
Thailand
86%
Trinidad and Tobago
86%
Tuvalu
86%
Taiwan
57%

Score Distribution

Percentile by Number Answered

Percent of People with Each Score

Your Score History

You have not taken this quiz